000 00601nam a2200193 i 4500
001 131421
003 ES-MaACL
005 20250809023654.0
007 t|
008 070214s1948 sp r ||||1| spa d
100 1 _aRoca Sastre, Ramón María,
_d1899-1979
_998011
245 1 0 _aDerecho hipotecario /
_cRamón Mª Roca Sastre.
260 _aBarcelona :
_bBosch,
_c1948.
300 _a4 v. ;
_c23 cm.
650 7 _aDerecho hipotecario-
_zEspaña
_2
_9147944
852 _aES-MaACL
_jA-1376-79
_bR.31950
852 1 _aBA
_jF-5267-71
_z.- El v. V es un apéndice
999 _c131421
_d131421